00494nam a2200169 a 45000010010000000030011000100080041000210200015000620350026000771000026001032450041001292600050001703000017002205000017002376500040002548560030002940001-1136ELIB.Books150504 2010 eng  a0961854561 a(ELIB.Books)0001-1291 aBehr-Sigel, Elisabeth aThe Ministry of Woman in the Church aCrestwoodbST Vladimir's Seminary Pressc1991 a229c22.5 Cm aC/o Moe Lwei aWoman in the Orthodox Easten Church nKBTS: LibraryuKBTS: Elib